[Event "TCh-Serbia"]
[Site "Zlatibor SCG"]
[Date "2006.08.29"]
[Round "4"]
[White "Leskur,D"]
[Black "Strikovic,A"]
[Result "0-1"]
[WhiteElo "2477"]
[BlackElo "2510"]

1.e4 d6 2.d4 Nf6 3.Nc3 e5 4.Nf3 Nbd7 5.Bc4 Be7 6.O-O O-O 7.Re1 c6 8.a4 b6
9.Bg5 a6 10.dxe5 Nxe5 11.Nxe5 dxe5 12.Qf3 Nd7 13.Be3 Bc5 14.Rad1 Qe7 15.Rd2 b5
16.Bf1 Bb4 17.axb5 axb5 18.Rdd1 Nc5 19.Bd2 Ne6 20.Qg3 Nd4 21.Bd3 Rd8 22.Ra1 Bd7
23.f4 exf4 24.Bxf4 Rxa1 25.Rxa1 f6 26.Kh1 Ne6 27.Be3 Bd6 28.Qf2 Be5 29.Ra7 Qd6
30.Ne2 Bxb2 31.Bb6 Rf8 32.Ng3 g6 33.Be3 Be5 34.Bf1 c5 35.Ne2 Bc6 36.Qh4 Nc7
37.Nc3 Bd7 38.Ne2 Ra8 39.Rxa8+ Nxa8 40.Qf2 c4 41.c3 Nc7 42.Bd4 Bc6 43.Qe3 Ne6
44.g3 f5 45.Bg2 fxe4 46.Bxe4 Bxd4 47.cxd4 b4 48.Kg2 c3  0-1

[Event "TCh-Serbia w"]
[Site "Zlatibor SCG"]
[Date "2006.08.30"]
[Round "5"]
[White "Gaponenko,I"]
[Black "Voiska,M"]
[Result "1-0"]
[WhiteElo "2458"]
[BlackElo "2330"]

1.e4 d6 2.d4 Nf6 3.Nc3 e5 4.Nf3 Nbd7 5.Bc4 Be7 6.O-O O-O 7.a4 c6 8.Ba2 h6
9.h3 Re8 10.Be3 Bf8 11.Re1 Qc7 12.Nh4 a6 13.dxe5 Nxe5 14.f4 Ned7 15.Bf2 Rb8
16.g4 Nh7 17.Qd2 b5 18.axb5 axb5 19.g5 hxg5 20.fxg5 Ne5 21.g6 Nf6 22.gxf7+ Nxf7
23.Bd4 Kh7 24.Qg2 Ne5 25.Rf1 Be6 26.Bxe6 Rxe6 27.Ne2 Nfd7 28.Nf4 Rh6 29.Nf5 Rf6
30.Kh1 g6 31.Nh4 Bh6 32.Ra7 Rb7 33.Rxb7 Qxb7 34.Nfxg6 Rxf1+ 35.Qxf1 c5 36.Qf5  1-0

[Event "Adolfo Pedrido Mem"]
[Site "Vilagarcia de Arousa ESP"]
[Date "2006.08.31"]
[Round "7"]
[White "Perez,Yo"]
[Black "Leiros Vila,A"]
[Result "0-1"]
[WhiteElo "2290"]
[BlackElo "2178"]

1.d4 d6 2.e4 Nf6 3.Nc3 e5 4.Nf3 Nbd7 5.Bc4 Be7 6.O-O O-O 7.a4 a5 8.Re1 c6
9.b3 exd4 10.Nxd4 Nb6 11.Bf1 d5 12.e5 Bb4 13.Bb2 Ne8 14.Qh5 c5 15.Nf3 Nc7
16.Bd3 h6 17.Bc1 c4 18.bxc4 dxc4 19.Ne4 cxd3 20.Nf6+ gxf6 21.Qxh6 Nbd5 22.Re4 fxe5
23.Rh4 Qxh4 24.Nxh4 Ra6 25.Qg5+ Kh7 26.Qh5+ Kg7 27.Bb2 Rh6 28.Qxe5+ f6 29.Qg3+ Kf7
30.c4 Rg8 31.Qxd3 Nf4 32.Qf3 Rxh4 33.g3 Nce6 34.Rd1 Ng5 35.Qe3 Bg4 36.gxh4 Ngh3+
37.Kf1 Be2+  0-1

[Event "Rudenko Mem"]
[Site "St Petersburg RUS"]
[Date "2006.09.01"]
[Round "7"]
[White "Ananyeva,T"]
[Black "Chernova,A"]
[Result "1/2-1/2"]
[WhiteElo "1816"]
[BlackElo "2153"]

1.e4 d6 2.d4 Nf6 3.Nc3 e5 4.d5 Be7 5.f4 exf4 6.Bxf4 O-O 7.Nf3 Re8 8.Be2 Nbd7
9.O-O Nf8 10.Nd4 Ng6 11.Bg3 Bf8 12.Bf3 Nd7 13.Bg4 Nge5 14.Bxe5 Nxe5 15.Bxc8 Rxc8
16.Nf3 g6 17.Nxe5 Rxe5 18.Qd2 Bg7 19.Qf2 Qe7 20.Qxa7 b6 21.Qa6 Rf8 22.Qd3 Rh5
23.Rf3 Qe5 24.h3 Qd4+ 25.Kh1 Qb4 26.Rb1 Bxc3 27.Qxc3 Qxe4 28.Qxc7 Rxd5 29.Qxb6 Qxc2
30.Rbf1 Rd2 31.R3f2 Rxf2 32.Rxf2 Qe4 33.Rf1 Qc4 34.Rd1 Qxa2 35.Rxd6 Qb1+
36.Kh2 Qe4 37.Rf6 Qe5+ 38.Kg1 Kg7 39.Rf2 Rc8 40.Rf1 Rc7 41.b4 f5 42.Rd1 Rc2
43.Qb7+ Kh6 44.Qa8 Rb2 45.Qb7 Qf4 46.b5 Qe3+ 47.Kh1 Qe2 48.Rc1 Rxb5 49.Qc7 Qe5
50.Qd8 Rb7 51.Qh4+ Kg7 52.Re1 Qf6 53.Qa4 Re7 54.Rc1 Qe5 55.Qb4 Qe4 56.Qc3+ Kh6
57.Qc8 Rb7 58.Qf8+ Kh5 59.Qg8 h6 60.Qa2 g5 61.Rf1 Re7 62.Qf2 Kg6 63.Qb6+ Qe6
64.Qb8 h5 65.Rd1 Kg7 66.Qb2+ Qe5 67.Qd2 f4 68.Qf2 g4 69.hxg4 hxg4 70.Qh4 g3
71.Qg4+ Kh6 72.Rf1 Qh5+ 73.Qxh5+ Kxh5 74.Kg1 Kg4 75.Ra1 Re2 76.Kf1 Rb2 77.Kg1 Rb4
78.Kf1 Kf5 79.Re1 Rb2 80.Kg1 Rc2 81.Kf1 Rd2 82.Kg1 Rd6 83.Kf1 Rd2 84.Kg1 Rf2
85.Re8 Rb2 86.Re1  1/2-1/2

[Event "TCh-Serbia w"]
[Site "Zlatibor SCG"]
[Date "2006.09.01"]
[Round "7"]
[White "Marcetic,Ma"]
[Black "Voiska,M"]
[Result "1/2-1/2"]
[WhiteElo "2204"]
[BlackElo "2330"]

1.e4 d6 2.d4 Nf6 3.Nc3 e5 4.dxe5 dxe5 5.Qxd8+ Kxd8 6.Bc4 Ke8 7.Nf3 Bd6 8.Bg5 Nbd7
9.O-O-O h6 10.Bh4 a6 11.Rhe1 Nb6 12.Bb3 Bg4 13.Rd3 Nfd7 14.h3 Bxf3 15.Rxf3 f6
16.Nd5 Nxd5 17.Bxd5 c6 18.Bc4 Ke7 19.Rfe3 Bc5 20.R3e2 b5 21.Bb3 g5 22.Bg3 Bb6
23.f3 Rad8 24.Rd1 Nc5 25.Bf2 Rxd1+ 26.Kxd1 Rd8+ 27.Ke1 Nd7 28.Bxb6 Nxb6 29.Rd2 Rh8
30.Kf2 h5 31.Kg3 a5 32.a3 Nd7 33.a4 b4 34.Bc4 Nb6 35.b3 Nd7 36.h4 Nc5 37.hxg5 fxg5
38.Kf2 h4 39.Ke3 Rh6 40.Rd1 h3 41.gxh3 Rxh3 42.Rg1 Kf6 43.Rg2 Nb7 44.Ba6 Nd6
45.Rd2 Ke7 46.Rg2 Kf6 47.Rd2 Ke7 48.Rg2 Kf6 49.Rd2  1/2-1/2

[Event "Okie Masters"]
[Site "Tulsa USA"]
[Date "2006.09.02"]
[Round "2"]
[White "Movsisyan,M"]
[Black "Remling,C"]
[Result "1/2-1/2"]
[WhiteElo "2287"]
[BlackElo "2351"]

1.e4 d6 2.d4 Nf6 3.Nc3 e5 4.dxe5 dxe5 5.Qxd8+ Kxd8 6.Bc4 Bb4 7.Bd2 Ke7 8.Nge2 c6
9.O-O-O Nbd7 10.Nd5+ Nxd5 11.exd5 Bxd2+ 12.Rxd2 cxd5 13.Bxd5 Rd8 14.Nc3 Rb8
15.Re1 f6 16.f4 b6 17.Nb5 Bb7 18.Nxa7 Ra8 19.Bxb7 Rxa7 20.Bd5 Rc8 21.Kb1 b5
22.Re3 Ra4 23.Rg3 g6 24.Rh3 h5 25.fxe5 Nxe5 26.Bb3 Rf4 27.a3 Rd8 28.Re2 Rd1+
29.Ka2 Rff1 30.Bg8 Rd8 31.Bb3 Rdd1 32.Bg8 Rd8 33.Bb3  1/2-1/2

[Event "TCh-Serbia"]
[Site "Zlatibor SCG"]
[Date "2006.09.02"]
[Round "8"]
[White "Todorovic,GM"]
[Black "Strikovic,A"]
[Result "0-1"]
[WhiteElo "2477"]
[BlackElo "2510"]

1.e4 d6 2.d4 Nf6 3.Nc3 e5 4.dxe5 dxe5 5.Qxd8+ Kxd8 6.Bg5 Nd7 7.O-O-O Bd6
8.Bc4 Ke8 9.Nf3 a6 10.a4 h6 11.Bh4 Kf8 12.h3 g6 13.Nh2 Kg7 14.Ng4 Re8 15.Ne3 Be7
16.Bg3 c6 17.Be2 b5 18.Ng4 Nh5 19.Rxd7 Bxd7 20.Bxe5+ Kh7 21.Bh2 b4 22.Na2 Be6
23.Kb1 c5 24.f4 Bh4 25.Nc1 Bg3 26.Bxg3 Bxg4 27.Bxg4 Nxg3 28.Rd1 Nxe4 29.Rd7 Kg7
30.Bf3 Rac8 31.Ka2 c4 32.Ra7 Rcd8  0-1

[Event "TCh-Serbia"]
[Site "Zlatibor SCG"]
[Date "2006.09.02"]
[Round "8"]
[White "Efimenko,Z"]
[Black "Damljanovic,B"]
[Result "1-0"]
[WhiteElo "2632"]
[BlackElo "2625"]

1.e4 d6 2.d4 Nf6 3.Nc3 e5 4.Nf3 Nbd7 5.Bc4 Be7 6.O-O O-O 7.Re1 Nb6 8.Bf1 Nfd7
9.Be3 c6 10.Qd2 Qc7 11.Rad1 Re8 12.b3 Bf8 13.a4 Nf6 14.h3 h6 15.Bd3 Nbd7
16.Qc1 a6 17.Qa1 exd4 18.Bxd4 Ne5 19.Be2 Qe7 20.Nd2 Ng6 21.Bf1 Nh7 22.Nc4 Ng5
23.Re3 Bxh3 24.gxh3 b5 25.Nd2 Qd7 26.Rg3 d5 27.exd5 c5 28.Be3 Bd6 29.Bxg5 Bxg3
30.fxg3 hxg5 31.Bg2 f5 32.d6 Qxd6 33.Nf1 Qb6 34.Bxa8 c4+ 35.Kg2 Rxa8 36.Nd5 Qb7
37.bxc4 bxc4 38.Qb1 Qf7 39.Qb6 Re8 40.Nc3 f4 41.Rd8 Kh7 42.Rxe8 Qxe8 43.Qd4 Qe1
44.Ne4 Qe2+ 45.Kg1 fxg3 46.Nfxg3 Qxc2 47.Nxg5+ Kh6 48.Ne6 Qb1+ 49.Nf1 Qb7
50.Ne3 c3 51.Qxc3 Nh4 52.Nd4 Qe4 53.Qc6+ Qxc6 54.Nxc6 Nf3+ 55.Kf2 Nd2 56.Ke2 Nb3
57.Kf3 Kh5 58.Kg3 Nc5 59.a5 g5 60.Nb4 Ne4+ 61.Kf3 Nc5 62.Nf5 Nb3 63.Nxa6 Nxa5
64.Nc5 Nc4 65.Kg3 Ne5 66.Ne3 Nf7 67.Nc4 Nh6 68.Ne3 Nf7 69.Ne6 Kg6 70.Nd4 Kh5
71.Nf3 Nd6 72.Nd4 Ne4+ 73.Kg2 Nc5 74.Kf2 Nd3+ 75.Kg3 Nf4 76.Ng2  1-0

[Event "Rudenko Mem"]
[Site "St Petersburg RUS"]
[Date "2006.09.03"]
[Round "9"]
[White "Komiagina,M"]
[Black "Kirillova,V"]
[Result "0-1"]
[WhiteElo "2335"]
[BlackElo "2236"]

1.e4 d6 2.d4 Nf6 3.Nc3 e5 4.Nf3 Nbd7 5.Bc4 Be7 6.O-O O-O 7.a4 c6 8.Ba2 b6
9.Qe2 Bb7 10.Rd1 Qc7 11.dxe5 dxe5 12.Nh4 Bb4 13.Nb1 a5 14.c3 Be7 15.Nf5 Nc5
16.Bg5 h6 17.Bxf6 Bxf6 18.Rd6 Ne6 19.Bxe6 fxe6 20.Qc4 Rae8 21.Rd1 Kh7 22.Ng3 Rd8
23.Na3 Rxd1+ 24.Rxd1 Rd8 25.Re1 Qd7 26.Nf1 Be7 27.Nc2 b5 28.axb5 cxb5 29.Qe2 Qd3
30.Qxd3 Rxd3 31.f3 Bc5+ 32.Kh1 b4 33.cxb4 axb4 34.Nce3 Ba6 35.h3 Bb5 36.Kh2 Bd4
37.Nc2 Bf2 38.Re2 Bc5 39.Nce3 Rb3 40.Re1 Rxb2 41.Rc1 Bd4 42.Nc4 Ra2 43.Nfd2 Bc3
44.Nb1 Bxc4 45.Nxc3 bxc3 46.Rxc3 Bf1 47.Rc5 Rxg2+ 48.Kh1 Rg3 49.Rxe5 Bxh3
50.f4 Re3 51.Kh2 Bg4 52.Kg1 Kg8 53.Kf2 Rf3+  0-1

[Event "Universities"]
[Site "Istanbul TUR"]
[Date "2006.09.04"]
[Round "6"]
[White "Filev,G"]
[Black "Vozovic,O"]
[Result "1-0"]
[WhiteElo "2271"]
[BlackElo "2356"]

1.e4 d6 2.d4 Nf6 3.Nc3 c6 4.Be3 Qa5 5.Qd2 e5 6.f3 Be7 7.Nge2 O-O 8.Nc1 Nbd7
9.Be2 b5 10.a3 Qc7 11.d5 a6 12.dxc6 Qxc6 13.O-O Nb6 14.Nd3 a5 15.Bf2 Nc4
16.Qe1 Bb7 17.b3 Nb6 18.a4 b4 19.Nb5 Ba6 20.c4 bxc3 21.Nxc3 Nfd7 22.Rc1 Qb7
23.Qd2 Rfd8 24.Rfd1 h6 25.Ne1 Bg5 26.Be3 Bxe3+ 27.Qxe3 Bxe2 28.Qxe2 Nc5 29.Nb5 Nxb3
30.Rc7 Qb8 31.Qa2 Nd7 32.Qxb3 Qb6+ 33.Kf1 Rab8 34.Qc4  1-0

[Event "5th Kesarovski - Georgiev Mem"]
[Site "Sunny Beach BUL"]
[Date "2006.09.04"]
[Round "3"]
[White "Georgiev,Kr"]
[Black "Panajotov,J"]
[Result "0-1"]
[WhiteElo "2485"]
[BlackElo "2262"]

1.e4 d6 2.d4 Nf6 3.Nc3 c6 4.f4 Qa5 5.e5 Ne4 6.Bd2 Nxd2 7.Qxd2 e6 8.O-O-O d5
9.Kb1 c5 10.Nf3 c4 11.Qf2 b5 12.Ne2 b4 13.g4 Nc6 14.Bg2 b3 15.axb3 cxb3 16.cxb3 Rb8
17.Qe3 Rb6 18.Ne1 Ra6 19.Nd3 Qa2+ 20.Kc2 Rb6 21.Nec1 Qa5 22.Rhf1 Ba6 23.f5 Nb4+
24.Nxb4 Bxf1 25.Bxf1 Bxb4 26.Kb1 exf5 27.gxf5 O-O 28.Nd3 Rc8 29.Nf4 Rbc6
30.Bd3 Rh6 31.f6 Rxh2 32.Ne2 Bf8 33.e6 Re8 34.fxg7 Rxe6 35.gxf8=Q+ Kxf8 36.Qf3 Rhh6
37.Nf4 Re1 38.Be2 Qd2 39.b4 Rxd1+ 40.Bxd1 Rf6  0-1

[Event "FSIMA September"]
[Site "Budapest HUN"]
[Date "2006.09.05"]
[Round "4"]
[White "Citak,S"]
[Black "Boe,M"]
[Result "1/2-1/2"]
[WhiteElo "2258"]
[BlackElo "2334"]

1.e4 d6 2.d4 Nf6 3.Nc3 e5 4.dxe5 dxe5 5.Qxd8+ Kxd8 6.Bc4 Be6 7.Bxe6 fxe6
8.Be3 Nbd7 9.O-O-O Bb4 10.Nge2 c6 11.a3 Ba5 12.f3 Ke7 13.Rd3 Bb6 14.Bxb6 axb6
15.Rhd1 Nc5 16.R3d2 g5 17.b4 Ncd7 18.a4 h5 19.Kb2 g4 20.f4 exf4 21.Nxf4 Ne5
22.Kb3 Rh6 23.Rd6 Ne8 24.R6d2 Nf6  1/2-1/2

[Event "59th ch-RUS 1st League"]
[Site "Tomsk RUS"]
[Date "2006.09.05"]
[Round "3"]
[White "Timofeev,Arty"]
[Black "Bocharov,D"]
[Result "1-0"]
[WhiteElo "2657"]
[BlackElo "2571"]

1.e4 d6 2.d4 Nf6 3.Nc3 e5 4.Nf3 Nbd7 5.Bc4 Be7 6.O-O O-O 7.Re1 c6 8.a4 exd4
9.Nxd4 Ne5 10.Bb3 Re8 11.a5 Bd7 12.h3 Qc7 13.Be3 b5 14.axb6 axb6 15.Rxa8 Rxa8
16.f4 Ng6 17.g4 h6 18.Qd3 Be8 19.Nf5 Rd8 20.Rd1 Rd7 21.Ra1 Rd8 22.Qd4 c5
23.Qd3 Bc6 24.Rd1 Rd7 25.Nd5 Nxd5 26.Bxd5 Bf8 27.Qb3 b5 28.Bxc6 Qxc6 29.Qd5 Qxd5
30.Rxd5 Ne7 31.Nxe7+ Rxe7 32.e5 Re8 33.Kf2 dxe5 34.fxe5 b4 35.Kf3 c4 36.Bd4 Rc8
37.Ke4 Be7 38.Rd7 Kf8 39.Rb7 g6 40.Rb6 Ke8 41.Kd5 Rd8+ 42.Kxc4 Rc8+ 43.Kd3 Kd7
44.Be3 Ra8 45.Bxh6 Kc7 46.Rb5 Kc6 47.Kc4 Ra2 48.Bc1 Ra1 49.Bd2 Ra2 50.Bxb4 Rxb2
51.c3 Bxb4 52.cxb4 Rc2+ 53.Kb3 Rh2 54.Rc5+ Kd7 55.Rc3 Re2 56.Rf3 Ke6 57.b5 Rxe5
58.Ka4 f5 59.gxf5+ gxf5 60.b6 Kd7 61.Rc3 Re1 62.Kb5 f4 63.b7 f3 64.Rxf3 Kc7
65.Rf7+ Kb8 66.Rh7 Rb1+ 67.Kc5 Rc1+ 68.Kd5 Rd1+ 69.Ke5 Re1+ 70.Kf5 Rf1+ 71.Kg5 Rg1+
72.Kh5 Rd1 73.h4 Rd5+ 74.Kg6 Rd6+ 75.Kf5 Rb6 76.Rf7 Rb5+ 77.Kg6 Rb6+ 78.Rf6 Rb1
79.h5 Rg1+ 80.Kf7  1-0

[Event "TCh-ESP Honor Gp1"]
[Site "Olite ESP"]
[Date "2006.09.06"]
[Round "1"]
[White "Lopez Martinez,J"]
[Black "Eljanov,P"]
[Result "0-1"]
[WhiteElo "2480"]
[BlackElo "2651"]

1.e4 d6 2.d4 Nf6 3.Nc3 e5 4.Nge2 Be7 5.g3 c6 6.Bg2 b5 7.a3 O-O 8.O-O Nbd7
9.h3 a5 10.Be3 Bb7 11.b4 Re8 12.g4 Nf8 13.d5 h5 14.gxh5 Nxh5 15.Qd3 Qd7 16.dxc6 Bxc6
17.Nd5 Bd8 18.Ng3 Nxg3 19.fxg3 Ne6 20.Rad1 Rc8 21.Nb6 Bxb6 22.Bxb6 axb4 23.axb4 Qb7
24.Be3 Red8 25.Ra1 Ra8 26.Rxa8 Qxa8 27.h4 d5 28.exd5 Bxd5 29.Bxd5 Qxd5 30.Qxd5 Rxd5
31.Rc1 f5 32.c4 bxc4 33.Rxc4 Rd3 34.Kf2 Rb3 35.Rc6 Kf7 36.Rb6 f4 37.gxf4 exf4
38.Bc5 Kf6 39.Ra6 Kf5 40.Be7 Rb2+ 41.Kf1 Nc7 42.Ra5+ Ke4 43.Rg5 Nd5 44.Bc5 Kf3
45.Ke1 Nc3 46.Re5 Ne4 47.Kd1 Re2 48.Kc1 Nxc5 49.Rxc5 Re7 50.Kd2 Kg4 51.b5 f3
52.b6 f2 53.Rc1 Kxh4 54.Rb1 g5 55.Rc1 g4 56.b7 Rxb7 57.Ke2 g3 58.Kf3 Rf7+  0-1

[Event "5th Kesarovski - Georgiev Mem"]
[Site "Sunny Beach BUL"]
[Date "2006.09.06"]
[Round "5"]
[White "Kirov,D"]
[Black "Kostic,Neb"]
[Result "0-1"]
[WhiteElo "2133"]
[BlackElo "2353"]

1.e4 d6 2.d4 Nf6 3.Nc3 c6 4.Be3 Qa5 5.Qd2 e5 6.f3 h5 7.h4 Be7 8.Nh3 Bxh3
9.Rxh3 b5 10.a4 a6 11.b4 Qxb4 12.axb5 exd4 13.Qxd4 Qxd4 14.Bxd4 c5 15.Be3 a5
16.Bc4 Nbd7 17.Nd5 Nxd5 18.Bxd5 Bf6 19.Ra2 Ra7 20.Kd2 Ke7 21.Rh1 Rb8 22.c4 a4
23.Bg5 Nb6 24.Kc2 g6 25.Bd2 Rg8 26.f4 Bd4 27.g3 Kf6 28.Bc3 Bxc3 29.Kxc3 Re8
30.Re1 Kg7 31.Rae2 f6 32.Kb2 a3+ 33.Ka2 Ra4 34.e5 dxe5 35.fxe5 f5 36.Kb3 Rb4+
37.Kc3 Na4+ 38.Kc2 Rb2+ 39.Kd3 Rb3+ 40.Kc2 Rb2+ 41.Kd3 Rb3+ 42.Kc2 Rb2+ 43.Kd3 Rb4
44.e6 Re7 45.Re3 Nb6 46.Ra1 Ra4 47.Kc3 Kf6 48.Kb3 Rb4+ 49.Kc3 Na4+ 50.Kc2 Nb6
51.Kc3 Ra4 52.Kb3 Rea7 53.e7 Rxe7 54.Rxe7 Kxe7 55.Rxa3 Rb4+ 56.Kc3 Na4+ 57.Kc2 Nb6
58.Ra7+ Kd6 59.Ra6 Kc7 60.Ra7+ Kc8 61.Be6+ Kb8 62.Rg7 Nxc4 63.Bxc4 Rxc4+
64.Kb3 Rg4 65.b6 Rb4+ 66.Kc3 Rxb6 67.Kc4 Rb4+ 68.Kxc5 Rg4 69.Kd5 Rxg3 70.Kd4 Kc8
71.Ke5 Rg4 72.Kf6 f4 73.Ra7 f3 74.Ra1 f2 75.Rf1 Rg2 76.Ke7 Kc7 77.Ke6 Kd8
78.Kf6 Ke8 79.Ke6 Kf8 80.Kf6 Kg8 81.Ke6 Kg7 82.Ke7 g5 83.hxg5 h4 84.Ke6 h3  0-1

[Event "World Blitz"]
[Site "Rishon Le Zion ISR"]
[Date "2006.09.07"]
[Round "13"]
[White "Erenburg,S"]
[Black "Gagunashvili,M"]
[Result "0-1"]
[WhiteElo "2585"]
[BlackElo "2591"]

1.e4 d6 2.d4 Nf6 3.Nc3 e5 4.Nf3 Nbd7 5.Bc4 Be7 6.O-O O-O 7.Re1 c6 8.a4 h6
9.Ba2 Qc7 10.h3 Re8 11.Be3 Nf8 12.d5 Ng6 13.Qd2 Bf8 14.Rad1 c5 15.Qe2 Nh5
16.Qd2 Nhf4 17.Ne2 Nxe2+ 18.Qxe2 f5 19.exf5 Bxf5 20.c3 e4 21.Nd2 Ne5 22.Bb1 Nd3
23.Bxd3 exd3 24.Qf3 Qf7 25.c4 Bh7 26.Qxf7+ Kxf7 27.Nb3 Re4 28.Rc1 Rae8 29.Red1 g5
30.Rc3 Bg7 31.Rdxd3 Rxc4 32.Na5 Rxc3 33.Rxc3 Bxc3 34.bxc3 b6 35.Nc6 a6 36.c4 Bd3
37.a5 b5 38.cxb5 Bxb5 39.h4 Bxc6 40.dxc6 Kg6  0-1

[Event "3rd LGA Premium Cup"]
[Site "Nuernberg GER"]
[Date "2006.09.08"]
[Round "3"]
[White "Milov,L"]
[Black "Dinger,F"]
[Result "1-0"]
[WhiteElo "2482"]
[BlackElo "2259"]

1.e4 d6 2.d4 Nf6 3.Nc3 e5 4.Nge2 c6 5.h3 h5 6.g3 b5 7.a3 Be7 8.Bg2 Nbd7 9.Be3 Bb7
10.O-O a6 11.f4 Qc7 12.Qe1 c5 13.fxe5 dxe5 14.d5 c4 15.b4 cxb3 16.cxb3 Bc5
17.Nd1 Qb6 18.Qf2 O-O 19.b4 Bxe3 20.Nxe3 Ne8 21.a4 bxa4 22.Rxa4 Nd6 23.Nf5 Nxf5
24.exf5 Rfd8 25.Nc3 Rac8 26.Ne4 Qxf2+ 27.Rxf2 Bxd5 28.Rxa6 Bxe4 29.Bxe4 Rc4
30.Bf3 Rxb4 31.Rd2 Kf8 32.Rad6 Ke7 33.Bxh5 f6 34.Re6+ Kf8 35.Rxd7 Rb1+ 36.Kf2 Rb2+
37.Ke1 Rb1+ 38.Rd1 Rbxd1+ 39.Bxd1 Kf7 40.Ra6 g5 41.Ra7+ Kf8 42.Ke2 Rd4  1-0

[Event "5th Kesarovski - Georgiev Mem"]
[Site "Sunny Beach BUL"]
[Date "2006.09.08"]
[Round "7"]
[White "Kirov,D"]
[Black "Panajotov,J"]
[Result "1-0"]
[WhiteElo "2133"]
[BlackElo "2262"]

1.e4 d6 2.d4 Nf6 3.Nc3 c6 4.f4 Qa5 5.Bd3 Bg4 6.Nf3 e5 7.dxe5 dxe5 8.fxe5 Nfd7
9.e6 fxe6 10.h3 Qh5 11.Rf1 Bxf3 12.Qxf3 Qh4+ 13.g3 Qf6 14.Qg2 Qd4 15.Bd2 Ne5
16.Be2 Nbd7 17.O-O-O Qb6 18.Bg4 c5 19.Qe2 a6 20.Bg5 Be7 21.Bxe7 Kxe7 22.Qd2 h6
23.Bxe6 Kxe6 24.Qd5+ Ke7 25.Qxe5+ Nxe5 26.Nd5+ Ke6 27.Nxb6 Raf8 28.Nd5 Rxf1
29.Rxf1 Nc4 30.Nf4+ Kd6 31.Rd1+ Kc6 32.b3 Nd6 33.e5 Nf5 34.g4 Nd4 35.c3 Nb5
36.a4 Nxc3 37.Rd6+ Kc7 38.Ne6+ Kc8 39.Nxg7 Ne4 40.Rg6 Nf2 41.e6 Nd3+ 42.Kb1 Kd8
43.Nf5 Nf4 44.e7+ Ke8 45.Rd6 Kf7 46.Rd8 Ng6 47.Kc2 b5 48.axb5 axb5 49.Kc3 Re8
50.Nd6+ Kxe7 51.Rxe8+ Kxd6 52.Ra8 Ne5 53.Ra6+ Nc6 54.h4 Kd5 55.g5 hxg5 56.hxg5 Nd4
57.g6 Nf5 58.Rb6 b4+ 59.Kd3 Ng7 60.Rb7  1-0

[Event "5th Kesarovski - Georgiev Mem"]
[Site "Sunny Beach BUL"]
[Date "2006.09.08"]
[Round "7"]
[White "Katov,L"]
[Black "Kostic,Neb"]
[Result "1-0"]
[WhiteElo "2226"]
[BlackElo "2353"]

1.e4 d6 2.d4 Nf6 3.Nc3 e5 4.Nf3 Nbd7 5.Bc4 Be7 6.O-O O-O 7.Re1 c6 8.a4 Qc7
9.b3 b6 10.d5 Bb7 11.Bg5 h6 12.Bxf6 Nxf6 13.dxc6 Bxc6 14.Nd5 Nxd5 15.Bxd5 Bxd5
16.Qxd5 Rac8 17.c4 Qb8 18.Red1 a6 19.Ne1 Rfe8 20.Nd3 Bf8 21.g3 Re6 22.Nb4 Rc5
23.Nxa6 Rxd5 24.Nxb8 Rc5 25.Na6 Rc8 26.Rd5 Ra8 27.Nc7  1-0

[Event "I Open"]
[Site "Vitoria BRA"]
[Date "2006.09.08"]
[Round "4"]
[White "Di Berardino,D"]
[Black "Pelikian,J"]
[Result "1-0"]
[WhiteElo "2370"]
[BlackElo "2385"]

1.e4 d6 2.d4 Nf6 3.Nc3 c6 4.f4 Qa5 5.Bd3 e5 6.dxe5 dxe5 7.f5 Nbd7 8.Qf3 Nc5
9.Ne2 Nxd3+ 10.cxd3 Qc7 11.Be3 b6 12.Qg3 h5 13.d4 Nd7 14.d5 h4 15.Qf3 Ba6
16.dxc6 Qxc6 17.Rc1 Bb4 18.Kf2 Nc5 19.Rhd1 Bxc3 20.Nxc3 Nd3+ 21.Rxd3 Bxd3
22.Nd5 Bc4 23.Qg4 Bxd5 24.Qxg7 Qd6 25.Qxh8+ Kd7 26.Qxh4 Bxa2 27.Rc2 Bb1 28.Rd2 Bd3
29.Qh5 Rf8 30.Qd1  1-0

[Event "ch-EU"]
[Site "Liverpool ENG"]
[Date "2006.09.09"]
[Round "4"]
[White "Luther,T"]
[Black "Lund,B"]
[Result "1-0"]
[WhiteElo "2589"]
[BlackElo "2249"]

1.e4 d6 2.d4 Nf6 3.Nc3 c6 4.h3 Nbd7 5.Nf3 e5 6.a4 Be7 7.Bc4 O-O 8.O-O b6
9.Re1 a6 10.Ba2 Bb7 11.dxe5 dxe5 12.Nh4 b5 13.Nf5 b4 14.Nb1 Re8 15.Qf3 Nf8
16.Nd2 Qc7 17.Nc4 Bc8 18.Be3 c5 19.Bg5 Ne6 20.Nxe7+ Qxe7 21.Bxf6 Qxf6 22.Qxf6 gxf6
23.Nb6 Rb8 24.Nd5 Kg7 25.Re3 Nf8 26.Bc4 a5 27.Rg3+ Ng6 28.Ne3 Rd8 29.h4 h5
30.Nf5+ Kf8 31.Nh6 Kg7 32.Bxf7 Kxh6 33.Rxg6+ Kh7 34.Rg3 Bg4 35.Bd5 f5 36.Rd3 f4
37.f3 Bc8 38.Rad1 Ba6 39.R3d2 c4 40.Bc6 Rxd2 41.Rxd2 c3 42.Rd7+ Kh8 43.bxc3 bxc3
44.Bb5 Bxb5 45.axb5 a4 46.Rc7 Rxb5 47.Rxc3 Rb2 48.Kf1 Kg7 49.Ke2 a3 50.Kd3 a2
51.Ra3 Kf6 52.Ra6+ Kf7 53.Kc3 Rb1 54.Rxa2 Rg1 55.Kc4 Rxg2 56.Kd5 Rf2 57.Ra3 Rxc2
58.Kxe5 Rh2 59.Kxf4 Rxh4+ 60.Kf5 Rh1 61.Ra7+ Kg8 62.Kg6 Kf8 63.Rh7 h4 64.Kg5 h3
65.Kg4 Rg1+ 66.Kf4 Rh1 67.Rh4  1-0

[Event "EU-chG18"]
[Site "Herceg Novi MNE"]
[Date "2006.09.10"]
[Round "1"]
[White "Craciun,P"]
[Black "Kharashuta,E"]
[Result "1/2-1/2"]
[WhiteElo "2044"]
[BlackElo "2246"]

1.e4 d6 2.d4 Nf6 3.Nc3 e5 4.Nf3 Nbd7 5.Bg5 Be7 6.Bc4 c6 7.dxe5 dxe5 8.a4 Qb6
9.Bb3 a5 10.O-O O-O 11.Qe2 h6 12.Bh4 Qc7 13.Bg3 Nh5 14.Nh4 Nxg3 15.hxg3 Nc5
16.Bc4 Bxh4 17.gxh4 Be6 18.b3 Qd8 19.g3 Qd4 20.Bxe6 fxe6 21.Qe3 Rad8 22.Rae1 Rd7
23.Re2 Rdf7 24.Rd1 Qb4 25.Na2 Qb6 26.Kg2 Rf3 27.Qxf3 Rxf3 28.Kxf3 Nxb3 29.cxb3 Qxb3+
30.Nc3 Qxc3+ 31.Re3 Qb4 32.Rd8+ Kf7 33.Red3 Kf6 34.Rb8 b5 35.axb5 cxb5 36.Rd7 Qc3+
37.Kg2 Qc4 38.Rf8+ Kg6 39.Rff7 Qxe4+ 40.f3 Qe2+ 41.Kh3 Qf1+ 42.Kh2 e4 43.Rxg7+ Kf5
44.Rgf7+ Kg6 45.Rg7+ Kh5 46.Rc7 e5 47.Rce7 Qf2+ 48.Kh3 Qf1+ 49.Kh2  1/2-1/2

[Event "ch-EU"]
[Site "Liverpool ENG"]
[Date "2006.09.10"]
[Round "5"]
[White "Hawkins,J"]
[Black "Trevelyan,J"]
[Result "0-1"]
[WhiteElo "2022"]
[BlackElo "2243"]

1.d4 d6 2.e4 Nf6 3.Nc3 Nbd7 4.Nf3 e5 5.Bc4 Be7 6.h3 c6 7.a4 Qc7 8.Be3 b6
9.Qd2 Bb7 10.O-O Nf8 11.d5 c5 12.Bb5+ N8d7 13.Bc4 a6 14.Rfe1 Nf8 15.Rad1 Ng6
16.g3 Bc8 17.Bf1 O-O 18.Nh2 Ne8 19.g4 Qd8 20.Ne2 h6 21.Ng3 Bg5 22.Nf3 Nf4
23.Nxg5 hxg5 24.c4 g6 25.f3 Kg7 26.Bxf4 gxf4 27.Nh1 Bd7 28.b3 Rh8 29.Qg2 Qg5
30.Nf2 Nc7 31.Ra1 Rag8 32.Bd3 Kf8 33.Kf1 Qh4 34.Ke2 Ke7 35.Rh1 Ra8 36.Kd2 b5
37.axb5 axb5 38.Rhb1 Rhb8 39.Kc3 bxc4 40.bxc4 Rxb1 41.Rxb1 Ra2 42.Rb2 Rxb2
43.Kxb2 Kf6 44.Bf1 Kg5 45.Nd3 Qh8 46.Qf2 Ba4 47.Kc1 Bb3 48.Nxc5 dxc5 49.Qxc5 Qa8
50.Qxc7 Qa1+ 51.Kd2 Qxf1 52.Qxe5+ Kh4 53.Qxf4 Qxc4 54.g5+ Kxh3 55.Qg4+ Kh2
56.Qf4+ Kg2 57.Qxf7 Qd4+  0-1

[Event "EU-chB16"]
[Site "Herceg Novi MNE"]
[Date "2006.09.11"]
[Round "2"]
[White "Edouard,R"]
[Black "Remoli Sargues,F"]
[Result "1-0"]
[WhiteElo "2404"]
[BlackElo "2255"]

1.e4 d6 2.d4 Nf6 3.Nc3 Nbd7 4.Nf3 e5 5.Bc4 Be7 6.O-O O-O 7.Re1 c6 8.a4 a5
9.h3 exd4 10.Qxd4 Nc5 11.Bf4 Ne6 12.Bxe6 fxe6 13.e5 Nd5 14.exd6 Nxf4 15.dxe7 Qxe7
16.Re3 Qf6 17.Ne5 Ng6 18.Rf1 Rd8 19.Qc5 Nxe5 20.Rxe5 Qf8 21.Qb6 Ra6 22.Qe3 Qb4
23.b3 Qb6 24.Qxb6 Rxb6 25.Rxa5 Rb4 26.Rd1 Rxd1+ 27.Nxd1 Kf7 28.Ne3 Ke7 29.Nc4 Bd7
30.Kf1 Be8 31.Ke1 b6 32.Ra7+ Kf6 33.Kd2 b5 34.Kc3 c5 35.axb5 Rxb5 36.Nd6 Rb8
37.Nxe8+ Rxe8 38.Rc7 h5 39.Rxc5 g5 40.h4 gxh4 41.Rxh5 Rg8 42.Rxh4 Rxg2 43.Rf4+ Ke5
44.Rf8 Rg4 45.Rd8 Rf4 46.Rd2 Rf3+ 47.Kc4  1-0

[Event "XVI WSen"]
[Site "Arvier ITA"]
[Date "2006.09.12"]
[Round "2"]
[White "Andersson,Ka"]
[Black "Sorokin,Valen"]
[Result "0-1"]
[WhiteElo "2138"]
[BlackElo "2337"]

1.e4 d6 2.d4 Nf6 3.Nc3 c6 4.Bd3 e5 5.Nge2 Be7 6.O-O O-O 7.Kh1 Qb6 8.d5 Nbd7
9.Be3 Qc7 10.Ng3 Nb6 11.f4 cxd5 12.Bxb6 Qxb6 13.Nxd5 Nxd5 14.exd5 exf4 15.Rxf4 g6
16.Qf3 Bg5 17.Ne4 Qxb2 18.Rf1 Bxf4 19.Qxf4 Bf5 20.Nxd6 Bxd3 21.cxd3 Rad8
22.h4 f5 23.Re1 Rd7 24.Re6 Qb1+ 25.Kh2 Qxd3 26.Qe5 Qd2 27.Re8 Qh6 28.Qe6+ Rf7
29.Nxf7 Qxh4+ 30.Kg1 Qd4+ 31.Kf1 Qd1+ 32.Kf2 Qd2+ 33.Kg3 Rxe8 34.Qxe8+ Kg7
35.d6 f4+ 36.Kh3 Qd1 37.Qe5+ Kxf7 38.Qe7+ Kg8 39.d7 Qh5+ 40.Qh4 Qf5+ 41.Qg4 Qd5
42.Kh2 Qd6 43.Kg1 Qd4+ 44.Kf1 Kf7 45.Qh3 Qd1+ 46.Kf2 h5 47.Qf3 Qxf3+ 48.Kxf3 Ke7
49.Kxf4 b5 50.Kg5 a5 51.Kxg6 b4 52.Kxh5 a4 53.g4 b3 54.axb3 axb3 55.g5 b2
56.g6 b1=Q 57.Kh6 Qh1+ 58.Kg7 Kxd7 59.Kg8 Ke7 60.Kg7 Qh5  0-1

[Event "XVI WSen"]
[Site "Arvier ITA"]
[Date "2006.09.12"]
[Round "2"]
[White "Haupt,J"]
[Black "Schwertel,J"]
[Result "0-1"]
[WhiteElo "1880"]
[BlackElo "2063"]

1.e4 d6 2.d4 Nf6 3.Nc3 c6 4.Bc4 Qc7 5.Nf3 e5 6.O-O Be7 7.h3 O-O 8.Bg5 h6
9.Bh4 Nh7 10.Bxe7 Qxe7 11.Qe2 Nd7 12.Rad1 a6 13.a3 b5 14.Bd3 Re8 15.b4 Ndf8
16.Qd2 Ng6 17.Ne2 Nhf8 18.c3 Ne6 19.Qc2 Nef4 20.Nxf4 Nxf4 21.Nd2 Qg5 22.g3 Bxh3
23.Nf3 Qh5 24.Nh2 Nxd3 25.Qxd3 Bxf1 26.Rxf1 Re6 27.d5 cxd5 28.Qxd5 Rf8 29.f4 Qe2
30.f5 Ree8 31.Nf3 Qe3+ 32.Kg2 Rc8 33.Qxd6 Rxc3 34.Qxe5 Rc2+ 35.Kh3 Qe2 36.Qa1 Qxe4  0-1

[Event "EU-chG18"]
[Site "Herceg Novi MNE"]
[Date "2006.09.12"]
[Round "3"]
[White "Borosova,Z"]
[Black "Kharashuta,E"]
[Result "1-0"]
[WhiteElo "2210"]
[BlackElo "2246"]

1.e4 d6 2.d4 Nf6 3.Nc3 e5 4.Nf3 Nbd7 5.Bc4 Be7 6.O-O O-O 7.a4 c6 8.Ba2 b6
9.Qe2 a6 10.Rd1 Qc7 11.h3 Rb8 12.d5 Bb7 13.Nh4 cxd5 14.Nf5 Nc5 15.Nxd5 Nxd5
16.Bxd5 Bxd5 17.Rxd5 a5 18.Bh6 g6 19.Nxe7+ Qxe7 20.Bxf8 Kxf8 21.f3 Ne6 22.Qd2 Rd8
23.Rd1 Nd4 24.Qd3 Qg5 25.c3 Ne6 26.Rxd6 Rxd6 27.Qxd6+ Kg7 28.Qd2 Nf4 29.Kf1 h5
30.b4 axb4 31.cxb4 h4 32.a5 bxa5 33.bxa5 Qf6 34.Qd6 Qg5 35.Rd2 Ne6 36.Qd3 Qf4
37.Ke1 Qh2 38.Kd1 Qg1+ 39.Kc2 Qc5+ 40.Qc3 Qb5 41.Rd5 Qa4+ 42.Kb2 f6 43.Qb3 Qc6
44.Qb5  1-0